Метод коррекции кратных ошибок устройств хранения информации микропроцессорных средств измерительной техники; Измерительная техника; № 2

Bibliographische Detailangaben
Parent link:Измерительная техника=Measurement Techniques: научно-технический журнал/ Российская Федерация, Федеральное агентство по техническому регулированию и метрологии (Ростехрегулирование) (Госстандарт России).— , 1940-1941, 1955-.— 0368-1025
№ 2.— 2002.— С. 21-23
1. Verfasser: Павлов А. А.
Sprache:Russisch
Veröffentlicht: 2002
Schriftenreihe:Общие вопросы метрологии и измерительной техники
Schlagworte:
Format: MixedMaterials Buchkapitel
KOHA link:https://koha.lib.tpu.ru/cgi-bin/koha/opac-detail.pl?biblionumber=381452

MARC

LEADER 00000naa2a2200000 4500
001 381452
005 20231101062829.0
035 |a (RuTPU)RU\TPU\prd\4064 
090 |a 381452 
100 |a 20020522a2002 k y0rusy50 ca 
101 0 |a rus 
102 |a RU 
200 1 |a Метод коррекции кратных ошибок устройств хранения информации микропроцессорных средств измерительной техники  |f А. А. Павлов, А. А. Павлов 
225 1 |a Общие вопросы метрологии и измерительной техники 
320 |a Библиогр.: 6 назв. 
461 1 |0 (RuTPU)RU\TPU\prd\1509  |x 0368-1025  |t Измерительная техника  |l Measurement Techniques  |o научно-технический журнал  |f Российская Федерация, Федеральное агентство по техническому регулированию и метрологии (Ростехрегулирование) (Госстандарт России)  |d 1940-1941, 1955- 
463 1 |0 (RuTPU)RU\TPU\prd\3064  |t № 2  |v С. 21-23  |d 2002 
610 1 |a измерительная техника 
610 1 |a измерения 
610 1 |a микропроцессоры 
610 1 |a ошибки 
610 1 |a коррекция 
610 1 |a коды 
610 1 |a устройства 
610 1 |a контроль 
610 1 |a средства 
610 1 |a измерения 
675 |a 519.725(047)  |v 3 
700 1 |a Павлов  |b А. А. 
701 1 |a Павлов  |b А. А. 
801 1 |a RU  |b 63413507  |c 20020522  |g PSBO 
801 2 |a RU  |b 63413507  |c 20121214  |g PSBO 
942 |c BK